000 00765cab a2200193 4500
001 ABS40603
008 090401t1989 xxu||||| |||| 00| 0 eng d
035 _a(Sirsi) u24965
041 _aeng
100 _aTownsend-Rose, J.C.
245 _aAlternative enterprises and land resources: the effect of 1992
260 _c1989
350 _a0
490 _aFarmers Club Journal
_v(98) April 1989, 9-16(5)
520 _aAnalyses the effects of harmonisation of environment al legislation and the strains that will be put upon this by the fundamental differences in land ownership , tenancies , land use and management. It also looks at the effects of the single market on agriculture in general.
690 _aRURAL PRACTICE
942 _n0
948 _c04/03/1997
999 _c16741
_d16741